Pays en B en 1 minute - Statistiques

Statistiques générales
  • Ce quiz a été pris 451 fois
  • Le résultat moyen est 10 sur 18
Statistiques - réponses
Pays en "B" % Correct
Belgique
85%
Bolivie
72%
Bhoutan
64%
Birmanie
64%
Brésil
60%
Bulgarie
60%
Bangladesh
55%
Botswana
53%
Biélorussie
52%
Bénin
51%
Bahamas
49%
Barbade
48%
Bahreïn
45%
Brunei
45%
Bélize
43%
Bosnie-Herzégovine
42%
Burundi
42%
Burkina Faso
38%
Aucun quiz correspondant
Distribution des résultats
% des personnes avec chaque résultat
Percentile par nombre de réponses
Votre historique - résultats
Vous n’avez pas pris ce quiz